Lazarillo de Tormes / (Record no. 21038)

MARC details
000 -LEADER
fixed length control field 01850cam a2200409Ia 4500
001 - CONTROL NUMBER
control field ocn234436142
003 - CONTROL NUMBER IDENTIFIER
control field OCoLC
005 - DATE AND TIME OF LATEST TRANSACTION
control field 20180626143915.0
006 - FIXED-LENGTH DATA ELEMENTS--ADDITIONAL MATERIAL CHARACTERISTICS
fixed length control field innnn f n
007 - PHYSICAL DESCRIPTION FIXED FIELD--GENERAL INFORMATION
fixed length control field sd fungnn|m|eu
008 - FIXED-LENGTH DATA ELEMENTS--GENERAL INFORMATION
fixed length control field 080721s2008 sp ab 000 1 spa d
020 ## - INTERNATIONAL STANDARD BOOK NUMBER
International Standard Book Number 9788497130639 (pbk.)
020 ## - INTERNATIONAL STANDARD BOOK NUMBER
International Standard Book Number 8497130634 (pbk.)
035 ## - SYSTEM CONTROL NUMBER
System control number (OCoLC)234436142
040 ## - CATALOGING SOURCE
Original cataloging agency BTCTA
Transcribing agency BTCTA
Modifying agency BAKER
-- LNQ
-- ORX
041 ## - LANGUAGE CODE
Language code of text/sound track or separate title spa
049 ## - LOCAL HOLDINGS (OCLC)
Holding library ORXA
050 #4 - LIBRARY OF CONGRESS CALL NUMBER
Classification number PQ6407
Item number .A7 2008
082 04 - DEWEY DECIMAL CLASSIFICATION NUMBER
Classification number 863/.3
Edition number 22
092 ## - LOCALLY ASSIGNED DEWEY CALL NUMBER (OCLC)
Filing suffix SPANISH
Classification number 468.6 ORTIZGONZ 2008
100 1# - MAIN ENTRY--PERSONAL NAME
Personal name Ortiz Gonzalez, Victoria.
245 10 - TITLE STATEMENT
Title Lazarillo de Tormes /
Statement of responsibility, etc. Anonimo ; [adaptacion, Victoria Ortiz Gonzalez].
260 ## - PUBLICATION, DISTRIBUTION, ETC. (IMPRINT)
Place of publication, distribution, etc. Madrid :
Name of publisher, distributor, etc. Santillana :
-- Universidad de Salamanca,
Date of publication, distribution, etc. c2008.
300 ## - PHYSICAL DESCRIPTION
Extent 87 p. :
Other physical details col. ill., col. map ;
Dimensions 21 cm. +
Accompanying material 1 sound disc (digital ; 4 3/4 in.)
490 1# - SERIES STATEMENT
Series statement Coleccion Leer en espanol ;
Volume/sequential designation nivel 3.
500 ## - GENERAL NOTE
General note Adaptation using less than 1000 words of Lazarillo de Tormes.
500 ## - GENERAL NOTE
General note "Espanol."
520 ## - SUMMARY, ETC.
Summary, etc. A wily scoundrel named Lazaro shares life's difficult lessons with the reader as he serves under different masters in sixteenth-century Castile.
520 ## - SUMMARY, ETC.
Summary, etc. Lazaro es un muchacho desarrapado a quien la miseria obliga a emplearse como sirviente. Las inocentes y a veces justificadas burlas con las que Lazaro se defiende de sus amos son castigadas con una crueldad brutal. Asi, garrotazo a garrotazo, la simpleza y credulidad del Lazaro de las primeras paginas ceden paso a la sagacidad y a la astucia propias del mas clasico y tipico de los picaros.
630 00 - SUBJECT ADDED ENTRY--UNIFORM TITLE
Uniform title Lazarillo de Tormes.
630 07 - SUBJECT ADDED ENTRY--UNIFORM TITLE
Uniform title Lazarillo de Tormes.
Source of heading or term bidex.
650 #7 - SUBJECT ADDED ENTRY--TOPICAL TERM
Topical term or geographic name as entry element Lengua espanola
Form subdivision Lecturas.
650 #0 - SUBJECT ADDED ENTRY--TOPICAL TERM
Topical term or geographic name as entry element Spanish language
Form subdivision Readers.
690 ## - LOCAL SUBJECT ADDED ENTRY--TOPICAL TERM (OCLC, RLIN)
Topical term or geographic name as entry element Spanish language edition
Form subdivision Nonfiction.
830 #0 - SERIES ADDED ENTRY--UNIFORM TITLE
Uniform title Coleccion Leer en espanol ;
Volume number/sequential designation 3.
942 ## - ADDED ENTRY ELEMENTS (KOHA)
Koha item type Libro/Book
Holdings
Withdrawn status Lost status Source of classification or shelving scheme Damaged status Not for loan Home library Current library Date acquired Total Checkouts Full call number Barcode Date last seen Price effective from Koha item type
    Dewey Decimal Classification     Genizero -- Satellite Genizero -- Satellite 15/04/2019   863/.3 35600924 15/04/2019 15/04/2019 Libro/Book

Powered by Koha